Cartes Pokémon - Extensions du bloc Diamant & Perle - Statistiques

Statistiques générales
  • Ce quiz a été pris 12 fois
  • Le résultat moyen est 5 sur 7
Statistiques - réponses
Date de sortie Extension % Correct
09 novembre 2007 Diamant & Perle
91%
07 novembre 2008 Diamant & Perle Aube Majestueuse
91%
16 mai 2008 Diamant & Perle Merveilles Secrètes
82%
15 mai 2009 Diamant & Perle Tempête
82%
10 février 2009 Diamant & Perle Éveil des Légendes
64%
29 août 2008 Diamant & Perle Duels au sommet
55%
15 février 2008 Diamant & Perle Trésors Mystérieux
45%
Aucun quiz correspondant
Distribution des résultats
% des personnes avec chaque résultat
Percentile par nombre de réponses
Votre historique - résultats
Vous n’avez pas pris ce quiz